Normal view
MARC view
- Lovecraft, Howard Phillips,
Entry Nombre Personal
001 - NUMERO DE CONTROL
- campo de control: 34485
003 - IDENTIFICADOR DE NUMERO DE CONTROL
- campo de control: UPN
005 - FECHA Y HORA DE LA ÜLTIMA TRANSACCIÓN
- campo de control: 20210219194453.0
008 - DATOS DE LONGITUD FIJA
- campo de control de longitud fija: nabaccnnaabn|||||||||| b |nc|||||d
035 ## - NUMERO DE CONTROL
- Número de control: UPN11000006592
040 ## - FUENTE DE CATALOGACIÓN
- Lenguaje de catalogación: SPA
- Agencia de transcripción: UPN
053 #4 - NÚMERO DE CLASIFICACIÓN LC
- Número de clasificación elemento-número único o número inicial de tramo: PS3523 O8.4
100 1# - ENCABEZAMIENTO - NOMBRE PERSONAL
- Nombre personal: Lovecraft, Howard Phillips,
- Fechas asociadas con el nombre: 1890-1937
670 ## - FUENTE EN LA QUE SE LOCALIZARON DATOS
- Cita de la fuente: T
- Uniform Resource Identifier: http://es.wikipedia.org/wiki/Howard_Phillips_Lovecraft
680 ## - NOTA PUBLICA DE ACCESO PÚBLICO
- Frase explicativa de la referencia: Escritor estadounidense, autor de novelas y relatos de terror y ciencia ficción.
902 ## - CATALOGADOR
- Catalogador: MITM/291113
